| 000 | 01033nam a22003251a 4500 | ||
|---|---|---|---|
| 003 | EG-ScBUE | ||
| 005 | 20220609125720.0 | ||
| 008 | 150405t2012 enka f b 000 0 eng d | ||
| 020 | _a9781908614407 | ||
| 040 |
_aEG-ScBUE _beng _erda _cEG-ScBUE _dEG-ScBUE |
||
| 082 | 0 | 4 |
_a428.24 _bPAL _222 |
| 100 | 1 |
_aPallant, Anne, _eauthor. _937587 |
|
| 245 | 1 | 0 |
_aWriting, _pTeacher's book / _cAnne Pallant. |
| 246 | 3 | 0 | _aTeacher's book |
| 250 | _aNew edition. | ||
| 264 | 1 |
_aReading, UK : _bGarnet Publishing Ltd., _c[2012] |
|
| 264 | 4 | _cc2012 | |
| 300 |
_a90 pages : _billustrations ; _c28 cm. |
||
| 336 |
_2rdacontent _atext _btxt |
||
| 337 |
_2rdamedia _aunmediated _bn |
||
| 338 |
_2rdacarrier _avolume _bnc |
||
| 490 | 0 | _aEnglish for academic study | |
| 500 | _aIncludes appendix. | ||
| 504 | _aIncludes bibliographical references. | ||
| 650 | 7 |
_aEnglish language _xRhetoric _xStudy and teaching. _94388 _2BUEsh |
|
| 651 | _2BUEsh | ||
| 653 |
_cApril2015 _bHHUUEENN |
||
| 655 |
_vReading book _934232 |
||
| 942 |
_2ddc _k428.24 PAL _cTR |
||
| 999 |
_c19164 _d19136 |
||